German cultural studies : an introduction
Αποθηκεύτηκε σε:
| Άλλοι συγγραφείς: | |
|---|---|
| Μορφή: | Βιβλίο |
| Γλώσσα: | English |
| Δημοσίευση: |
New York :
Oxford University Press,
1995
|
| Θέματα: | |
| Ετικέτες: |
Προσθήκη ετικέτας
Δεν υπάρχουν, Καταχωρήστε ετικέτα πρώτοι!
|
MARC
| LEADER | 00000nam a2200000 i 4500 | ||
|---|---|---|---|
| 001 | 1/8535 | ||
| 008 | 961105s1995 eng d | ||
| 020 | |a 0-19-871503-X | ||
| 035 | |l 10017128 | ||
| 040 | |a GR-MY-UA |b gre |e aacr | ||
| 041 | 0 | |a eng | |
| 082 | 0 | |a 306.0943 | |
| 245 | 1 | 0 | |a German cultural studies : |b an introduction / |c Edited by Rob Burns |
| 260 | |a New York : |b Oxford University Press, |c 1995 | ||
| 300 | |a 375 p. | ||
| 504 | |a Includes bibliographical references and index | ||
| 650 | 0 | 0 | |a Arts, German |y 19th century. |
| 650 | 0 | 0 | |a Arts, German |y 20th century. |
| 651 | 0 | |a Germany |x Cultural policy |x History |y 19th century. | |
| 651 | 0 | |a Germany |x Cultural policy |x History |y 20th century. | |
| 651 | 0 | |a Germany |x Intellectual life |y 19th century. | |
| 651 | 0 | |a Germany |x Intellectual life |y 20th century. | |
| 700 | 1 | |a Burns, Rob |d 1949- |4 edt | |
| 852 | |a INST |b LESVOS |e 19961105 |h 306.0943 GER |p 005100012614 |q 005100012614 |t BK |y 0 | ||
| 909 | |a Λ |b 048713 | ||